| 000 | 00529nam a2200157 a 4500 | ||
|---|---|---|---|
| 001 | 000030117 | ||
| 005 | 20200930060045.0 | ||
| 008 | 110429s1997 dr 000 0 spa d | ||
| 040 |
_aDO-SdBNP _bspa _cBNPHU |
||
| 082 |
_axxx _bB213i |
||
| 110 | 1 |
_aRepública Dominicana _bBanco Central de la República Dominicana _942873 |
|
| 245 | 1 | 0 | _aInforme sumario de la composición de la cartera e inversiones. |
| 260 |
_aSanto Domingo : _bBanco Central de la República Dominicana, _c1997. |
||
| 300 |
_a[28 p.] ; _c28 cm. |
||
| 049 | _aBNPD | ||
| 999 |
_c29609 _d29609 |
||